|
|
|
|
| LEADER |
01855nam a2200433 a 4500 |
| 001 |
000000894 |
| 005 |
20090311125529.0 |
| 008 |
010117s1875 xo e ger |
| FMT |
|
|
|
| 040 |
|
|
|a SVKKK
|b slo
|c SVKKK
|e AACR2
|
| 041 |
0 |
|
|a ger
|
| 044 |
|
|
|a xo
|c SK
|
| 080 |
|
|
|a 39
|
| 080 |
|
|
|a (=854)
|
| 080 |
|
|
|a 908
|
| 080 |
|
|
|a (437.6)
|
| 100 |
1 |
|
|a Sasinek, František Víťazoslav,
|d 1830-1914
|4 aut
|
| 245 |
1 |
0 |
|a Die Slowaken :
|b Eine Etnographische Skizze Von Franz V. Sasinek.
|
| 260 |
|
|
|a Turec. Sct. Martin :
|b Druck Des Buchdruckerei-Actien-Vereines,
|c 1875
|
| 300 |
|
|
|a 33,[1] s. 1/8,2/9 [=17] list.
|c 8°. 23x15,5 cm
|
| 500 |
|
|
|a Linka ozdobná, typograf. ozdoba, tlač. pozn. pod čiarou v jaz. nem., slov., čes.
|
| 510 |
4 |
|
|a Hanakovič III/1094; Rizner V/13; BL; Telgársky-Banská VII/13109
|
| 561 |
|
|
|a Peč.: Štátna vedecká knižnica v Košiciach; Felsőmagyarországi Muzeum 485/910.
|
| 563 |
|
|
|a Previazaná - lepenka, modro-čierny mramor. papier, chrbát a rohy čierne plátno. Pôvodná - brož., modrý papier, na pred. obálke rámcová link. výzd., linka ozdobná a údaje ako na titl. liste, na zad. obálke zoznam ďalších kníh V. Sasisneka, ktoré sú k dostaniu u kníhkupca E. Krčméryho v B. Bystrici.
|
| 653 |
1 |
|
|a etnografia
|
| 653 |
1 |
|
|a Slováci
|
| 653 |
1 |
|
|a skice
|
| 700 |
1 |
|
|a Krčméry, Eugen
|c Banská Bystrica
|d 1856-1880
|4 bsl
|
| 710 |
0 |
|
|a Kníhtlačiarsky účastinársky spolok
|c Martin
|d 1870-1949
|4 prt
|
| 710 |
0 |
|
|a múzeá - Východoslovenské múzeum
|c Košice
|4 sgn
|
| 752 |
|
|
|a Slovensko
|d Martin
|
| 852 |
|
|
|p IV.61018
|
| 904 |
|
|
|a a---y----zz------yyya-0000--
|
| 905 |
|
|
|a dfgb0ab-
|
| 910 |
|
|
|a svkkk
|
| 997 |
|
|
|c Buchdruckerei-Actien-Vereines p. Kníhtlačiarsky účastinársky spolok
|4 prt
|
| 997 |
|
|
|d Turec. Sct. Martin p. Martin
|4 prt
|
| 998 |
|
|
|a SLOV
|
| BAS |
|
|
|